000 00598nam a22001577a 4500
003 NUST
082 _a670
100 _aUsman ,Muhammad
_91812
245 _aStatistical analysis of process parameters during machining of Titanium alloy (Ti-6Al-4V) on shaper machine /
_cMuhammad Usman
264 _aIslamabad:
_bSMME- NUST.
_c2021.
300 _a65p. ;
_bSoft Copy,
_c30cm.
650 _aMS Design and Manufacturing Engineering
_9119567
700 _aSupervisor : Dr. Syed Husain Imran Jaffery
_9122341
856 _uhttp://10.250.8.41:8080/xmlui/handle/123456789/25194
942 _2ddc
_cTHE
999 _c608844
_d608844